• 首页
  • 本馆介绍
  • 公告通知
  • 最新文献
  • 馆藏检索
  • 电子资源
  • 读者导购
  • 参考咨询
  • 我的图书馆
  • 登录
  • 详细信息显示
  • 放入我的书架
  • 预约/预借图书
  • 作者相关作品
  • 分类相关作品
  • 丛书相关作品
  • 出版社相关作品

书目信息

  • 表格格式
  • 工作单格式
  • 卡片格式
题名:
化学化工信息及网络资源的检索与利用
    
 
作者: 王荣民 主编
分册:  
出版信息: 北京   化学工业出版社  2007.5
页数: 287页
开本: 26cm
丛书名:
单 册:
中图分类: G354.4
科图分类:
主题词: 化学--计算机网络--情报检索--高等学校--教材 , 化学工业--计算机网络--情报检索--高等学校--教材
电子资源:
ISBN: 978-7-122-00177-1
000 01186nam0 2200265 45
001 1359720734
005 20130529084257.81
010    @a978-7-122-00177-1@dCNY30.00
100    @a20130513d2007 em y0chiy0121 ea
101 0  @achi
102    @aCN@b110000
105    @aa z 000yy
106    @ar
200 1  @a化学化工信息及网络资源的检索与利用@AHua Xue Hua Gong Xin Xi Ji Wang Luo Zi Yuan De Jian Suo Yu Li Yong@f王荣民主编@FWang Rong Min Zhu Bian
205    @a2版
210    @a北京@c化学工业出版社@d2007.5
215    @a287页@c图@d26cm
300    @a高等学校教材
330    @a本书的主要内容为传统化学化工文献资源、Internet化学化工信息资源、美国《化学文摘》的介绍、各类化学化工大型工具书与网上图书馆简介、国际国内核心期刊网址与论文检索工具使用指南等。此外,还介绍了化学论文的撰写方法与在线投稿指南,以及化学软件的下载与使用方法。为便于读者查阅并能迅速通过网络获得化学化工信息,在有关章节中还提供了大量相关网络资源地址。
606 0  @a化学@x计算机网络@x情报检索@x高等学校@j教材
606 0  @a化学工业@x计算机网络@x情报检索@x高等学校@j教材
690    @aG354.4@v5
701  0 @a王荣民@AWang Rong Min@4主编
801    @aCN@bTANGWEI@c20130522
905    @b0833560-63@dG354.4@e112=2@f4
    
    化学化工信息及网络资源的检索与利用/王荣民主编.-2版.-北京:化学工业出版社,2007.5
    287页:图;26cm
    高等学校教材
    
    ISBN 978-7-122-00177-1:CNY30.00
    本书的主要内容为传统化学化工文献资源、Internet化学化工信息资源、美国《化学文摘》的介绍、各类化学化工大型工具书与网上图书馆简介、国际国内核心期刊网址与论文检索工具使用指南等。此外,还介绍了化学论文的撰写方法与在线投稿指南,以及化学软件的下载与使用方法。为便于读者查阅并能迅速通过网络获得化学化工信息,在有关章节中还提供了大量相关网络资源地址。
●
相关链接 在E读中查询图书 在五车中查询图书 在当当中查询图书 在豆瓣中查询图书


正题名:化学化工信息及网络资源的检索与利用     索取号:G354.4/112=2         预约/预借

序号 登录号 条形码 馆藏地/架位号 状态 备注
1 0833560   208335602   第一样本阅览室/ [索取号:G354.4/112=2] 在馆    
2 0833561   208335611   第四借阅区/ [索取号:G354.4/112=2] 在馆    
3 0833562   208335620   第四借阅区/ [索取号:G354.4/112=2] 在馆    
4 0833563   208335639   第四借阅区/ [索取号:G354.4/112=2] 在馆    
唐山师范学院图书馆 欢迎您!
大连网信软件有限公司© 版权所有